Bollywood Actresses - Statistics

General Stats
  • This quiz has been taken 1,071 times
  • The average score is 6 of 15
Answer Stats
Hint Answer % Correct
A smile to die for and unmatched dancing skills Madhuri Dixit
71%
Wore an iconic golden bikini in one of her films Priyanka Chopra
71%
Has the highest facebook followers among indian actresses Deepika Padukone
67%
The new 'begum' in town Kareena Kapoor
63%
Debuted with a relatively unknown film 'Boom' Katrina Kaif
63%
Has a tulip named after her Aishwarya rai
52%
Cited as India's 'Dreamgirl' Hema Malini
52%
Often called the 'Venus of Indian cinema' Madhubala
31%
Highest score of any Miss Universe, known for comic roles Lara Dutta
30%
Married a famous cricketeer Sharmila Tagore
23%
Her dimples are to die for Priety Zinta
21%
Famous for her roles as 'Tina', 'Michelle', 'Maya' Rani Mukerji
21%
Was the youngest winner of the Filmfare award at 16 Dimple Kapadia
17%
First actress to win the Filmfare best actress award Meena Kumari
10%
Death surrounded by mystery Divya Bharthi
3%
No matching quizzes found
Score Distribution
Percent of People with Each Score
Percentile by Number Answered
Your Score History
You have not taken this quiz